Ular menjadi raja

Bibliographic Details
Main Author: WAN NAN WAN Mahmud
Format: Book
Published: Petaling Jaya : Longman , 1992
Series:Wauku bercerita

MARC

LEADER 00000cam a2200000 7i4500
001 0000001661
002 000001811
005 20000330.0
020 |a 9679767914 
090 0 0 |a JF   |b WAN 
100 0 |a WAN NAN WAN Mahmud 
245 1 0 |a Ular menjadi raja   |c Wan Nan Wan Mahmud 
260 |a Petaling Jaya :   |b Longman ,   |c 1992 
300 |a 38p. :   |b ill ;   |c 21cm. 
490 0 |a Wauku bercerita 
999 |a 034249   |b BUKU   |c JUNIOR FICTION   |e PERPUSTAKAAN KOMUNITI PETALING JAYA 
999 |a 034250   |b BUKU   |c JUNIOR FICTION   |e PERPUSTAKAAN KOMUNITI PETALING JAYA 
999 |a 034251   |b BUKU   |c JUNIOR FICTION   |e PERPUSTAKAAN KOMUNITI PETALING JAYA